Top 200 One Piece Characters (Strength) - Statistics

General Stats
  • This quiz has been taken 671 times
  • The average score is 96 of 200
Answer Stats
Hint Answer % Correct
Pirate King Gol D. Roger
94%
First Pirate Joyboy
91%
Yonko Monkey D. Luffy
91%
Former Yonko Edward Newgate
90%
Former Yonko Kaido
90%
King of the World Saint Nerona Imu
90%
Former Yonko Charlotte Linlin
89%
Yonko Figarland Shanks
89%
Former Vice Admiral Monkey D. Garp
89%
Yonko Marshall D. Teach
88%
Yonko’s Swordsman Roronoa Zoro
87%
Fleet Admiral Sakazuki
87%
Former Shickibukai Dracule Mihawk
86%
Former Admiral Kuzan
85%
Revolutionary Army Leader Monkey D. Dragon
85%
Elbaph Sun God Nika
84%
Revolutionary Army’s Chief of Staff Sabo
84%
Pirate King’s Former Right Hand Man Silvers Rayleigh
84%
Admiral Borsalino
83%
Former Fleet Admiral Sengoku
83%
Yonko’s Cook Vinsmoke Sanji
83%
Former Gorosei Saint Jaygarcia Saturn
82%
Seraphim (S-[Warlord Name]) S-Croc
81%
Supernova Captain Trafalgar D. Water Law
81%
Supernova Captain Eustass Kid
80%
Elbaph Cursed Prince Loki
80%
Former Yonko’s Second Division Commander Portgas D. Ace
80%
Former Shickibukai Boa Hancock
79%
Admiral Issho
79%
Yonko’s Helmsman Jinbe
79%
Former Yonko’s Commander Charlotte Katakuri
78%
Former Wano Shogun Kouzuki Oden
78%
CP0 Agent (Egghead) Rob Lucci
78%
Former Yonko’s First Commander Alber
77%
Former Yonko’s First Division Commander Marco
77%
Vice Admiral (Egghead) Red King
77%
Pirate King’s Strongest Rival Rocks D. Xebec
77%
Former Shickibukai Donquixote Doflamingo
76%
Yonko’s Musician Brook
74%
Former Shickibukai Bartholomew Kuma
73%
Former Schikibukai Crocodile
73%
Former Yonko’s Second Commander Scien
73%
Yonko’s Right Hand Man Ben Beckman
72%
Gorosei Saint Marcus Mars
72%
Seraphim S-Hawk
72%
Yonko’s Senior Officer Howling Gab
70%
Yonko’s Archaeologist Nico Robin
70%
Pirate King’s Former Left Hand Man Scopper Gaban
70%
Former Yonko’s Daughter Yamato
70%
Admiral Aramaki
69%
Yonko’s Shipwright Franky
69%
Former Shickibukai Gecko Moria
69%
Marine Captain (SWORD) Koby
69%
Yonko’s Sniper Yasopp
69%
Giant Warrior Pirates Captain Brogy
68%
Giant Warrior Pirates Captain Dorry
68%
CP0 Agent (Egghead) Kaku
68%
Gorosei Saint Figarland Garling
68%
Gorosei Saint Shepherd Ju Peter
68%
God of Blade Shimotsuki Ryuma
67%
Supernova Right Hand Man Killer
65%
Holy Knights Leader Saint Figarland Shamrock
65%
Gorosei Saint Topman Warcury
65%
Former God of Skypiea Enel
64%
Wano Shogun Kouzuki Momonosuke
63%
Pirate King’s Former Rival Shiki
63%
Vice Admiral (Punk Hazard) Smoker
63%
Former Yonko’s Third Commander Jack
62%
Pirate Captain from the Worst Generation Jewelry Bonney
62%
Impel Down Vice Warden Magellan
62%
SWORD Captain X Drake
62%
Former Fleet Admiral Kong
61%
Yonko’s Cook Lucky Roux
61%
Gorosei Saint Ethanbaron V. Nusjuro
61%
Former Supernova Captain Basil Hawkins
60%
Former Yonko’s Commander Charlotte Smoothie
60%
Yonko’s Second Ship Commander Shiryu
59%
G Army Commander of the Revolutionary Army Emporio Ivankov
58%
Yonko’s First Ship Captain Jesus Burgess
58%
Former Yonko’s Third Division Commander Jozu
57%
Akazaya Nine Leader Kin’emon
57%
Former Pirate (Former Yonko’s Lover) Buckingham Stussy
56%
Former Yonko’s Commander Charlotte Cracker
56%
Yonko’s Daughter (Canon but No Mention) Uta
56%
Pirate King’s Doctor Crocus
55%
Former Undercover CP0 Agent Stussy
55%
Former Yonko’s Fifth Division Commander Vista
55%
Former Shickibukai Edward Weevil
54%
Tobiroppo Ulti
54%
Tobiroppo Who’s Who
54%
Serpahim S-Shark
53%
Seraphim S-Snake
53%
Supernova Captain Urouge
53%
Yonko’s Third Ship Captain Van Augur
53%
Heart Pirates Navigator Bepo
52%
Former Yonko’s Officer (First Son) Charlotte Perospero
52%
Germa 66 King Vinsmoke Judge
52%
Germa 66 Mercenary Vinsmoke Reiju
52%
Tobiroppo Black Maria
49%
Seraphim S-Bear
49%
Vice Admiral (Old Legend) Tsuru
49%
First Pirate’s Nakama Zunesha
49%
Ancient Giant (Zombified) Oars
48%
Yonko’s Sixth Ship Captain Catarina Devon
47%
Ancient Giant Little Oars Junior
47%
Germa 66 Mercenary Vinsmoke Niji
47%
Germa 66 Mercenary Vinsmoke Yonji
47%
Tobiroppo Page One
46%
Germa 66 Mercenary Vinsmoke Ichiji
46%
Holy Knight Gunko
45%
Akazaya Nine Member Nekomamushi
45%
Yonko’s Second Fleet Captain Bartolomeo
44%
Akazaya Nine Member Inuarashi
44%
Former Yonko’s Sixteenth Division Commander Izou
44%
Yonko’s Fifth Ship Captain Laffitte
44%
Elbaph’s Former King Harald
42%
North Army Commander of the Revolutionary Army Karasu
42%
Former Yonko’s Commander Charlotte Snack
41%
Former Pirate (Zombified) John
41%
Yonko’s Seventh Ship Captain Sanjuan Wolf
41%
Yonko’s Fourth Ship Captain Avalo Pizarro
40%
Yonko’s First Fleet Captain Cavendish
40%
Former Yonko’s Officer (Commander’s Triplet) Charlotte Oven
39%
Akazaya Nine Member Denjiro
39%
West Army Commander of the Revolutionary Army Morley
39%
Tobiroppo Sasaki
39%
Yonko’s Eighth Ship Captain Vasco Shot
39%
East Army Commander of the Revolutionary Army Belo Betty
38%
Undercover Vice Admiral (Punk Hazard) Vergo
38%
Former Captain of the Science Unit Sentomaru
37%
Former Pirate (Kuja Empress) Gloriosa
36%
Former Yonko’s Fourth Division Commander Thatch
36%
Former Pirate (Happo Fleet) Chinjao
35%
Pirate King’s Former Nakama (Canon but No Mention) Douglas Bullet
35%
Former Vice Admiral (Ohara) Jaguar D. Sauro
35%
Akazaya Nine Member Kikunojo
35%
Vice Admiral (Enies Lobby and Marineford) Momonga
35%
Akazaya Nine Member Ashura Doji
34%
CP0 Agent Blueno
34%
First Pirate’s Nakama Emeth
34%
CP0 Agent Jabura
34%
Akazaya Nine Member Kawamatsu
34%
Holy Knight Saint Shepherd Sommers
33%
Seraphim (S-[Warlord Name]) S-Bat
33%
Former Pirate (Kuja Empress) Shakuyaku
31%
Former Yonko’s Officer (Commander’s Triplet) Charlotte Daifuku
30%
Vice Admiral (Marineford and Egghead) Doberman
29%
Holy Knight Saint Rimoshifu Kilingham
29%
Former Admiral (Canon but No Mention) Zephyr
29%
South Army Commander of the Revolutionary Army Lindbergh
27%
Vice Admiral (Marineford and Dressrosa) Bastille
26%
Seraphim (S-[Warlord Name]) S-Swan
25%
Vice Admiral (Water Seven and Pepe Kingdom) T. Bone
25%
Vice Admiral (Marineford) Dalmatian
24%
CP0 Agent (Dressrosa and Wano) Guernika
24%
Former Yakuza Boss Hyougoro
24%
Former Yonko’s Sixth Division Commander Blamenco
23%
Yonko’s Navigator Building Snake
22%
Vice Admiral (Egghead) Doll
22%
Former Shickibukai (SBS) Hanafuda
22%
Vice Admiral (Admiral Candidate) Gion
20%
Vice Admiral (Enies Lobby and Marineford) Strawberry
19%
Former Yonko’s Eighth Division Commander Namur
18%
Commissioned Marine Officer Bogard
17%
Former East Army Commander of the Revolutionary Army Ginny
17%
Former Pirate (Legendary Crew) Silver Axe
17%
Vice Admiral (Admiral Candidate) Tokikake
17%
Rear Admiral (SWORD) Grus
16%
Yonko’s Senior Officer Limejuice
16%
Former Pirate (Hachinosu Boss) Ochoku
16%
Vice Admiral (Enies Lobby and Marineford) Onigumo
16%
Rear Admiral (SWORD) Kujaku
15%
Vice Admiral (Egghead) Bluegrass
13%
Former Yonko’s Tenth Division Commander Curiel
13%
Yonko’s Doctor Hongo
13%
CP0 Agent (Wano) Maha
13%
Former Yonko’s Ninth Division Commander Blenheim
12%
Vice Admiral (Dressrosa) Maynard
12%
Yonko’s Musician Bonk Punch
11%
CP0 Agent (Dressrosa and Wano) Joseph
11%
Former Yonko’s Seventh Division Commander Rakuyo
11%
Former Yonko’s Officer (First Daughter) Charlotte Compote
10%
Former Yonko’s Eleventh Division Commander Kingdew
10%
Pirate King’s Former Nakama Sunbell
10%
Director of the Marine Bureau of Investigation Tensei
10%
Vice Admiral (Egghead) Hound
9%
CP0 Agent (Dressrosa) Gismonda
8%
Vice Admiral (Marineford) Stainless
7%
Former Yonko’s Subordinate Whitey Bay
7%
Pirate King’s Former Nakama Seagull Guns Nozdon
6%
Daimyo of Ringo Shimotsuki Ushimaru
6%
Vice Admiral (Egghead) Tosa
6%
Pirate King’s Former Nakama Millet Pine
5%
Elbaph Warrior Ripley
5%
Vice Admiral (Canon but No Mention) Ain
3%
Former Yonko’s Subordinate Doma
3%
Pirate King’s Former Nakama Taro
3%
Former Pirate (Kuja Empress) Toritoma
3%
Pirate King’s Former Nakama Doringo
1%
Marine Member (Cross Guild Bounty) Sspaden
1%
No matching quizzes found
Score Distribution
Percent of People with Each Score
Percentile by Number Answered
Your Score History
You have not taken this quiz